| 000 | 01461nam a2200349 a 4500 | ||
|---|---|---|---|
| 003 | CHAP | ||
| 005 | 20220329143654.0 | ||
| 008 | 101209s2009 mx a r 10000 spa d | ||
| 010 | _a100114 | ||
| 011 | _a101086 | ||
| 020 | _a9786071200808 | ||
| 035 | _a111772 | ||
| 040 | _cCHAP | ||
| 082 | 1 | 4 |
_a630.71 _bJ76 2009 |
| 111 | 2 |
_aJornadas de Investigación en Preparatoria Agrícola ( _n20 : _d2009 : _cLa Trinidad, Tlaxcala) _962155 |
|
| 245 | 1 | 0 |
_aMemoria de las vigesimas jornadas de investigación en preparatoria agrícola _c/ por Universidad Autónoma Chapingo. Departamento de Preparatoria Agrícola |
| 260 |
_aChapingo, Méx. : _bUACH. Departamento de Preparatoria Agrícola, _c2009 |
||
| 300 |
_a336 p. : _bilus., cuadros, diagramas, gráfs., tablas |
||
| 590 |
_aBATCH-UPD _b10 _c20130110 _lUCH01 _h1221 |
||
| 590 |
_aBATCH-UPD _b10 _c20130410 _lUCH01 _h0755 |
||
| 590 |
_aBATCH-UPD _b10 _c20130914 _lUCH01 _h1243 |
||
| 590 |
_aBATCH-UPD _b10 _c20140805 _lUCH01 _h1149 |
||
| 590 |
_aCONVERSION _b10 _c20130109 _lUCH01 _h1355 |
||
| 650 | 1 | 4 |
_aAgricultura _xInvestigación. _91577 |
| 650 | 1 | 4 |
_aAprendizaje. _96370 |
| 650 | 1 | 4 |
_aEducación agrícola _xInvestigación. _935529 |
| 650 | 1 | 4 |
_aTecnología _xInvestigación. _9111951 |
| 711 | 2 |
_aEncuentro de Investigadores en Preparatoria Agrícola ( _n16 : _d2009 : _cLa Trinidad, Tlaxcala) _936784 |
|
| 901 | _aBK | ||
| 942 | _cLIBRO | ||
| 949 |
_a630.71 J76 _bBC _cUACH _d33724002173678 _eUACH _f2009 _h113953 _i111772 _sb |
||
| 999 |
_c100114 _d100114 |
||